| 000 | 00668nam a2200229Ia 4500 | ||
|---|---|---|---|
| 003 | GCL | ||
| 008 | 140319s9999 xx 000 0 ara d | ||
| 040 |
_aGCL / _cGCL |
||
| 082 | 0 | 4 |
_aق _b962.06 _bا ق |
| 100 | 1 | _aاحمد حمروش | |
| 245 | 1 | 0 |
_aقصة ثورة 23 يوليو:عبد الناصر والعرب, ج3 / _cاحمد حمروش |
| 260 |
_a[S.N] : _bمكتبة مدبولى |
||
| 300 | _a476 ص | ||
| 490 | _a | ||
| 650 | 0 | 4 | _aالعصر الحديث |
| 650 | 0 | 4 | _aمصر |
| 650 | 0 | 4 | _aتاريخ |
| 650 | 0 | 4 | _aثورة 23 يوليو 1952 |
| 650 | 0 | 4 | _aالقومية العربية |
| 650 | 0 | 4 | _aجمال عبدالناصر |
| 942 |
_2ddc _cBK |
||
| 999 |
_c36232 _d36232 |
||